<?xml version="1.0" encoding="UTF-8"?>
<record
    xmlns:xsi="http://www.w3.org/2001/XMLSchema-instance"
    xsi:schemaLocation="http://www.loc.gov/MARC21/slim http://www.loc.gov/standards/marcxml/schema/MARC21slim.xsd"
    xmlns="http://www.loc.gov/MARC21/slim">

  <leader>02846    a2200217   4500</leader>
  <controlfield tag="001">23164</controlfield>
  <controlfield tag="005">20260407155520.0</controlfield>
  <controlfield tag="008">260407a1955    arg                 spa d</controlfield>
  <controlfield tag="003">AR-UNSa-BCEJYS</controlfield>
  <datafield tag="040" ind1=" " ind2=" ">
    <subfield code="a">AR-UNSa-BCEJYS</subfield>
    <subfield code="b">spa</subfield>
    <subfield code="c">AR-UNSa-BCEJYS</subfield>
  </datafield>
  <datafield tag="080" ind1=" " ind2=" ">
    <subfield code="a">330</subfield>
    <subfield code="x">Econom&#xED;a en general</subfield>
  </datafield>
  <datafield tag="245" ind1="1" ind2="0">
    <subfield code="a">Curso de econom&#xED;a moderna</subfield>
    <subfield code="p">una descripci&#xF3;n an&#xE1;litica de la realidad econ&#xF3;mica</subfield>
  </datafield>
  <datafield tag="250" ind1=" " ind2=" ">
    <subfield code="a">4a. ed</subfield>
  </datafield>
  <datafield tag="264" ind1=" " ind2="1">
    <subfield code="a">Madrid :</subfield>
    <subfield code="b">Aguilar</subfield>
    <subfield code="c">1955</subfield>
  </datafield>
  <datafield tag="300" ind1=" " ind2=" ">
    <subfield code="a">xviii, 750 p.</subfield>
    <subfield code="c">21 cm.</subfield>
  </datafield>
  <datafield tag="505" ind1=" " ind2=" ">
    <subfield code="a">Primera Parte : Conceptos basicos de economia y la renta nacional : 1. Introducci&#xF3;n - 2. Los problemas centrales de toda la sociedad economica - 3. Funcionamiento del sistema "mixto" de empresa capitalista - 4. Ingresos individuales y familiares - 5. Rentas producidas por la agricultura, la propiedad y el trabajo - 6. Las empresas: su organizaci&#xF3;n e ingresos - 7. Actuaci&#xF3;n econ&#xF3;mica del gobierno: los gastos, la regulaci&#xF3;n econ&#xF3;mica y la hacienda - 8. El papel econ&#xF3;mico del gobierno: impuestos federales y finanzas locales - 9. Los trabajadores y las relaciones industriales - 10. La econ&#xF3;mia individual y los seguros sociales - 11. La renta nacional - Segunda Parte : La renta Nacional : Su determinaci&#xF3;n y sus fluctuaciones : 12. Ahorro, consumo e inversi&#xF3;n - 13. La teor&#xED;a de la determinaci&#xF3;n de la renta - 14. Precios y dinero - 15. Fundamentos del sistema bancario y de la creaci&#xF3;n de dep&#xF3;sitos - 16. Dinero, inter&#xE9;s y renta - 17. La reserva federal y la pol&#xED;tica monetaria de la banca central - 18. El ciclo econ&#xF3;mico - 19. Pol&#xED;tica fiscal y empleo total sin inflaci&#xF3;n - Tercera parte : La composici&#xF3;n y la determinaci&#xF3;n de los precios de la producci&#xF3;n nacional : 20. Determinaci&#xF3;n del precio por la oferta y la demanda - 21. La oferta y la demanda - 22. La dinamica de la especulaci&#xF3;n y el riesgo - 23. La teor&#xED;a del consumo y de la demanda - 24. El equilibrio de la empresa: costes e ingresos - 25. Ejemplos de competencia imperfecta - Cuarta Parte : Distribuci&#xF3;n de la renta : La fijaci&#xF3;n del precio de los factores productivos : 26. Teor&#xED;a de la producci&#xF3;n y productos marginales - 27. Fijaci&#xF3;n de precios de los factores de la producci&#xF3;n: rentas de la tierra y otros recursos - 28. Salarios en r&#xE9;gimenes de competencia y tratos sociales - 29. El interes y el capital - 30. Beneficios y alicientes - Quinta Parte : El comercio y las finanzas internacionales : 31. El balance de los pagos internacionales - 32. Los Problemas econ&#xF3;micos internacionales de la posguerra - 33. El comercio internacional y la teoria de los costes comparados - 34.Teor&#xED;as sobre protecci&#xF3;n arancelaria y libertad de comercio - Sexta Parte : Epilogo : 35. Los distintos sistemas econ&#xF3;micos.
</subfield>
  </datafield>
  <datafield tag="942" ind1=" " ind2=" ">
    <subfield code="c">BK</subfield>
  </datafield>
  <datafield tag="590" ind1=" " ind2=" ">
    <subfield code="a">niveau_biblio:m niveau_hierar:0</subfield>
  </datafield>
  <datafield tag="100" ind1="1" ind2=" ">
    <subfield code="a">Samuelson, Paul A.</subfield>
  </datafield>
  <datafield tag="700" ind1="1" ind2=" ">
    <subfield code="a">Sampedro, Jos&#xE9; Luis</subfield>
  </datafield>
  <datafield tag="999" ind1=" " ind2=" ">
    <subfield code="c">1088</subfield>
    <subfield code="d">1088</subfield>
  </datafield>
  <datafield tag="952" ind1=" " ind2=" ">
    <subfield code="0">0</subfield>
    <subfield code="1">0</subfield>
    <subfield code="4">0</subfield>
    <subfield code="7">0</subfield>
    <subfield code="a">BCEJYS</subfield>
    <subfield code="b">BCEJYS</subfield>
    <subfield code="c">16</subfield>
    <subfield code="d">2026-04-07</subfield>
    <subfield code="l">0</subfield>
    <subfield code="o">330 S187c 4ed.</subfield>
    <subfield code="p">L20322</subfield>
    <subfield code="r">2026-04-07 15:55:20</subfield>
    <subfield code="w">2026-04-07</subfield>
    <subfield code="y">L</subfield>
  </datafield>
  <datafield tag="952" ind1=" " ind2=" ">
    <subfield code="0">0</subfield>
    <subfield code="1">0</subfield>
    <subfield code="4">0</subfield>
    <subfield code="7">0</subfield>
    <subfield code="a">BCEJYS</subfield>
    <subfield code="b">BCEJYS</subfield>
    <subfield code="c">16</subfield>
    <subfield code="d">2026-04-07</subfield>
    <subfield code="l">0</subfield>
    <subfield code="o">330 S187c 4ed.</subfield>
    <subfield code="p">L25003</subfield>
    <subfield code="r">2026-04-07 15:55:20</subfield>
    <subfield code="w">2026-04-07</subfield>
    <subfield code="y">L</subfield>
  </datafield>
</record>
